000 00833nam2a22002411 4500
001 RU\NLR\Per\1175421
005 20250624200258.0
035 _a(NLR Aleph) 010900693
090 _a10591284
_c10591284
100 _a20151113d2001 |||y0rusy50 ca
101 0 _arus
102 _aRU
105 _ay |||||||||
200 0 _a2001, июль/авг.
210 _d2001
_aБ. м.
461 0 _1001RU\NLR\INFOCOMM5\1000343605
_12001#$aЛица$fИнформ.-изд. группа "Совершенно секретно"$v2001, июль/авг.
_92614034
_cМ.
_d1996-
_fИнформ.-изд. группа "Совершенно секретно"
_tЛица
_v2001, июль/авг.
801 1 _aRU
_bInfoComm
_c20040324
801 0 _aRU
_bNLR
_gPSBO
852 _aNLR
_jП23/4107
942 _cISSUE
980 _aNB
980 _aRUSPER